LEADER 00835nam0-2200289 --450 001 9910553700403321 005 20220525145849.0 010 $a9780128200933$bHardback 100 $a20220406d2021----km y0itay50 ba 101 0 $aeng 102 $aUS 105 $aa 001yy 200 1 $aVertebrate endocrinology$fDavid O. Norris, James A. Carr 205 $a6th ed. 210 $aSan Diego$cAcademic press-Elsevier$dc2021 215 $aXVII, 632 p.$d27 cm. 610 0 $aVertebrati - endocrinologia 676 $a573.4$v22$zita 700 1$aNorris,$bDavid O.$0307128 701 1$aCarr,$bJames A.$0766041 801 0$aIT$bUNINA$gREICAT$2UNIMARC 901 $aBK 912 $a9910553700403321 952 $a573.4-NOR-1$bINV. INT. 2022/041$fSC1 959 $aSC1 996 $aVertebrate endocrinology$91558089 997 $aUNINA